Catálogo

DEATH COMES FOR THE ARCHBISHOP (Registro nro. 13471)

Detalles MARC
000 -LEADER
fixed length control field 00457nam a2200181 a 4500
001 - CONTROL NUMBER
control field 13471
005 - DATE AND TIME OF LATEST TRANSACTION
control field 20180713201841.0
008 - FIXED-LENGTH DATA ELEMENTS--GENERAL INFORMATION
fixed length control field 140415d 000 0 eng d
041 ## - LANGUAGE CODE
Language code of text/sound track or separate title eng
082 ## - DEWEY DECIMAL CLASSIFICATION NUMBER
Classification number 808.833
Item number GRE
100 1# - MAIN ENTRY--PERSONAL NAME
Personal name CATHER, WILLA
245 10 - TITLE STATEMENT
Title DEATH COMES FOR THE ARCHBISHOP
250 ## - EDITION STATEMENT
Edition statement 1a ed.
260 ## - PUBLICATION, DISTRIBUTION, ETC.
Place of publication, distribution, etc. [s.l.] :
Name of publisher, distributor, etc. BANTAM,
Date of publication, distribution, etc. [s.f.]
300 ## - PHYSICAL DESCRIPTION
Extent 295
490 ## - SERIES STATEMENT
Series statement THE GREATEST HISTORICAL NOVELS
650 14 - SUBJECT ADDED ENTRY--TOPICAL TERM
Topical term or geographic name entry element NOVELA
Existencias
Withdrawn status Lost status Source of classification or shelving scheme Damaged status Not for loan Collection code Home library Current library Shelving location Date acquired Source of acquisition Inventory number Total Checkouts Full call number Barcode Date last seen Price effective from Koha item type
    Dewey Decimal Classification     General Biblioteca Karol Wojtyla Biblioteca Karol Wojtyla Sala general 03/12/2013 Compra 151000000000000000032171   808.833 GRE 30300 05/01/2026 03/12/2013 Libro